<?xml version="1.0" encoding="UTF-8"?>
<record
    xmlns:xsi="http://www.w3.org/2001/XMLSchema-instance"
    xsi:schemaLocation="http://www.loc.gov/MARC21/slim http://www.loc.gov/standards/marcxml/schema/MARC21slim.xsd"
    xmlns="http://www.loc.gov/MARC21/slim">

  <leader>02556nam0a2200505   4500</leader>
  <controlfield tag="001">RU\NLR\bibl\1367284</controlfield>
  <controlfield tag="005">20250615185450.0</controlfield>
  <datafield tag="010" ind1=" " ind2=" ">
    <subfield code="a">978-5-98100-117-8</subfield>
    <subfield code="9">500</subfield>
  </datafield>
  <datafield tag="021" ind1=" " ind2=" ">
    <subfield code="a">RU</subfield>
    <subfield code="b">2009-20556</subfield>
    <subfield code="9">1217</subfield>
  </datafield>
  <datafield tag="035" ind1=" " ind2=" ">
    <subfield code="a">(nilc)RSL-KNO-004265788</subfield>
  </datafield>
  <datafield tag="035" ind1=" " ind2=" ">
    <subfield code="a">1VIL\RUSMED\0000137320</subfield>
  </datafield>
  <datafield tag="035" ind1=" " ind2=" ">
    <subfield code="a">EL/0000259252</subfield>
  </datafield>
  <datafield tag="035" ind1=" " ind2=" ">
    <subfield code="a">(NLR Aleph) 001359434</subfield>
  </datafield>
  <datafield tag="090" ind1=" " ind2=" ">
    <subfield code="a">971746</subfield>
    <subfield code="c">971746</subfield>
  </datafield>
  <datafield tag="100" ind1=" " ind2=" ">
    <subfield code="a">20090318d2007    |||y0rusy50      ca</subfield>
  </datafield>
  <datafield tag="101" ind1="0" ind2=" ">
    <subfield code="a">rus</subfield>
  </datafield>
  <datafield tag="102" ind1=" " ind2=" ">
    <subfield code="a">RU</subfield>
  </datafield>
  <datafield tag="105" ind1=" " ind2=" ">
    <subfield code="a">a   |||||||||</subfield>
  </datafield>
  <datafield tag="200" ind1="1" ind2=" ">
    <subfield code="a">&#x41F;&#x440;&#x43E;&#x43F;&#x435;&#x434;&#x435;&#x432;&#x442;&#x438;&#x43A;&#x430; &#x432;&#x43D;&#x443;&#x442;&#x440;&#x435;&#x43D;&#x43D;&#x438;&#x445; &#x431;&#x43E;&#x43B;&#x435;&#x437;&#x43D;&#x435;&#x439;</subfield>
    <subfield code="e">&#x443;&#x447;&#x435;&#x431;&#x43D;&#x43E;&#x435; &#x43F;&#x43E;&#x441;&#x43E;&#x431;&#x438;&#x435;</subfield>
    <subfield code="f">&#x412;. &#x410;. &#x416;&#x43C;&#x443;&#x440;&#x43E;&#x432;, &#x41C;.&#x412;. &#x41C;&#x430;&#x43B;&#x438;&#x448;&#x435;&#x432;&#x441;&#x43A;&#x438;&#x439;, &#x421;.&#x410;. &#x41E;&#x441;&#x43A;&#x43E;&#x43B;&#x43A;&#x43E;&#x432;, &#x412;.&#x413;. &#x42F;&#x440;&#x43A;&#x43E;&#x432;&#x430;</subfield>
    <subfield code="g">&#x424;&#x435;&#x434;&#x435;&#x440;&#x430;&#x43B;&#x44C;&#x43D;&#x43E;&#x435; &#x430;&#x433;&#x435;&#x43D;&#x442;&#x441;&#x442;&#x432;&#x43E; &#x43F;&#x43E; &#x437;&#x434;&#x440;&#x430;&#x432;&#x43E;&#x43E;&#x445;&#x440;&#x430;&#x43D;&#x435;&#x43D;&#x438;&#x44E; &#x438; &#x441;&#x43E;&#x446;&#x438;&#x430;&#x43B;&#x44C;&#x43D;&#x43E;&#x43C;&#x443; &#x440;&#x430;&#x437;&#x432;&#x438;&#x442;&#x438;&#x44E;, &#x413;&#x43E;&#x441;. &#x43E;&#x431;&#x440;&#x430;&#x437;&#x43E;&#x432;&#x430;&#x442;&#x435;&#x43B;&#x44C;&#x43D;&#x43E;&#x435; &#x443;&#x447;&#x440;&#x435;&#x436;&#x434;&#x435;&#x43D;&#x438;&#x435; &#x432;&#x44B;&#x441;&#x448;. &#x43F;&#x440;&#x43E;&#x444;. &#x43E;&#x431;&#x440;&#x430;&#x437;&#x43E;&#x432;&#x430;&#x43D;&#x438;&#x44F; "&#x422;&#x44E;&#x43C;&#x435;&#x43D;&#x441;&#x43A;&#x430;&#x44F; &#x433;&#x43E;&#x441;. &#x43C;&#x435;&#x434;. &#x430;&#x43A;&#x430;&#x434;." &#x424;&#x435;&#x434;&#x435;&#x440;&#x430;&#x43B;&#x44C;&#x43D;&#x43E;&#x433;&#x43E; &#x430;&#x433;&#x435;&#x43D;&#x442;&#x441;&#x442;&#x432;&#x430; &#x43F;&#x43E; &#x437;&#x434;&#x440;&#x430;&#x432;&#x43E;&#x43E;&#x445;&#x440;&#x430;&#x43D;&#x435;&#x43D;&#x438;&#x44E; &#x438; &#x441;&#x43E;&#x446;&#x438;&#x430;&#x43B;&#x44C;&#x43D;&#x43E;&#x43C;&#x443; &#x440;&#x430;&#x437;&#x432;&#x438;&#x442;&#x438;&#x44E;" (&#x413;&#x41E;&#x423; &#x412;&#x41F;&#x41E; &#x422;&#x44E;&#x43C;&#x413;&#x41C;&#x410; &#x420;&#x43E;&#x441;&#x437;&#x434;&#x440;&#x430;&#x432;&#x430;)</subfield>
  </datafield>
  <datafield tag="205" ind1=" " ind2=" ">
    <subfield code="a">[3-&#x435; &#x438;&#x437;&#x434;., &#x434;&#x43E;&#x43F;. &#x438; &#x43F;&#x435;&#x440;&#x435;&#x440;&#x430;&#x431;.]</subfield>
  </datafield>
  <datafield tag="210" ind1=" " ind2=" ">
    <subfield code="a">&#x422;&#x44E;&#x43C;&#x435;&#x43D;&#x44C;</subfield>
    <subfield code="c">&#x422;&#x44E;&#x43C;&#x413;&#x41C;&#x410; &#x420;&#x43E;&#x441;&#x437;&#x434;&#x440;&#x430;&#x432;&#x430;</subfield>
    <subfield code="d">2007</subfield>
  </datafield>
  <datafield tag="215" ind1=" " ind2=" ">
    <subfield code="a">247 &#x441;.</subfield>
    <subfield code="c">&#x438;&#x43B;., &#x442;&#x430;&#x431;&#x43B;.</subfield>
    <subfield code="d">22</subfield>
  </datafield>
  <datafield tag="606" ind1="1" ind2=" ">
    <subfield code="a">&#x422;&#x415;&#x420;&#x410;&#x41F;&#x418;&#x42F; (&#x414;&#x418;&#x421;&#x426;&#x418;&#x41F;&#x41B;&#x418;&#x41D;&#x410;)</subfield>
    <subfield code="2">rus_mesh</subfield>
    <subfield code="3">R7528</subfield>
  </datafield>
  <datafield tag="606" ind1="1" ind2=" ">
    <subfield code="a">INTERNAL MEDICINE</subfield>
    <subfield code="2">rus_mesh</subfield>
    <subfield code="3">E7528</subfield>
  </datafield>
  <datafield tag="606" ind1="1" ind2=" ">
    <subfield code="a">&#x423;&#x427;&#x415;&#x411;&#x41D;&#x41E;&#x415; &#x41F;&#x41E;&#x421;&#x41E;&#x411;&#x418;&#x415;</subfield>
    <subfield code="2">rus_mesh</subfield>
    <subfield code="3">R53797</subfield>
  </datafield>
  <datafield tag="606" ind1="1" ind2=" ">
    <subfield code="a">INSTRUCTION</subfield>
    <subfield code="2">rus_mesh</subfield>
    <subfield code="3">E53797</subfield>
  </datafield>
  <datafield tag="606" ind1="1" ind2=" ">
    <subfield code="a">&#x412;&#x43D;&#x443;&#x442;&#x440;&#x435;&#x43D;&#x43D;&#x438;&#x435; &#x431;&#x43E;&#x43B;&#x435;&#x437;&#x43D;&#x438;</subfield>
    <subfield code="j">&#x423;&#x447;&#x435;&#x431;&#x43D;&#x44B;&#x435; &#x438;&#x437;&#x434;&#x430;&#x43D;&#x438;&#x44F; &#x434;&#x43B;&#x44F; &#x432;&#x44B;&#x441;&#x448;&#x438;&#x445; &#x443;&#x447;&#x435;&#x431;&#x43D;&#x44B;&#x445; &#x437;&#x430;&#x432;&#x435;&#x434;&#x435;&#x43D;&#x438;&#x439;</subfield>
    <subfield code="x">&#x41F;&#x440;&#x43E;&#x43F;&#x435;&#x434;&#x435;&#x432;&#x442;&#x438;&#x43A;&#x430;</subfield>
    <subfield code="9">2524083</subfield>
    <subfield code="3">RU\NLR\auth\661495490</subfield>
  </datafield>
  <datafield tag="686" ind1=" " ind2=" ">
    <subfield code="a">&#x420;41&#x44F;73-1</subfield>
    <subfield code="2">rubbk</subfield>
  </datafield>
  <datafield tag="686" ind1=" " ind2=" ">
    <subfield code="a">76.29.29</subfield>
    <subfield code="2">rugasnti</subfield>
  </datafield>
  <datafield tag="686" ind1=" " ind2=" ">
    <subfield code="a">76.01.33</subfield>
    <subfield code="2">rugasnti</subfield>
  </datafield>
  <datafield tag="686" ind1=" " ind2=" ">
    <subfield code="a">H02.403.776.409</subfield>
    <subfield code="v">2009</subfield>
    <subfield code="2">MESH</subfield>
  </datafield>
  <datafield tag="686" ind1=" " ind2=" ">
    <subfield code="a">V02.575</subfield>
    <subfield code="v">2009</subfield>
    <subfield code="2">MESH</subfield>
  </datafield>
  <datafield tag="686" ind1=" " ind2=" ">
    <subfield code="a">&#x420;41&#x44F;73</subfield>
  </datafield>
  <datafield tag="701" ind1=" " ind2="1">
    <subfield code="a">&#x416;&#x43C;&#x443;&#x440;&#x43E;&#x432;</subfield>
    <subfield code="b">&#x412;. &#x410;.</subfield>
    <subfield code="g">&#x412;&#x43B;&#x430;&#x434;&#x438;&#x43C;&#x438;&#x440; &#x410;&#x43B;&#x435;&#x43A;&#x441;&#x430;&#x43D;&#x434;&#x440;&#x43E;&#x432;&#x438;&#x447;</subfield>
    <subfield code="4">070</subfield>
  </datafield>
  <datafield tag="701" ind1=" " ind2="1">
    <subfield code="a">&#x41C;&#x430;&#x43B;&#x438;&#x448;&#x435;&#x432;&#x441;&#x43A;&#x438;&#x439;</subfield>
    <subfield code="b">&#x41C;. &#x412;.</subfield>
    <subfield code="g">&#x41C;&#x438;&#x445;&#x430;&#x438;&#x43B; &#x412;&#x43B;&#x430;&#x434;&#x438;&#x43C;&#x438;&#x440;&#x43E;&#x432;&#x438;&#x447;</subfield>
    <subfield code="4">070</subfield>
  </datafield>
  <datafield tag="701" ind1=" " ind2="1">
    <subfield code="a">&#x41E;&#x441;&#x43A;&#x43E;&#x43B;&#x43A;&#x43E;&#x432;</subfield>
    <subfield code="b">&#x421;. &#x410;.</subfield>
    <subfield code="g">&#x421;&#x435;&#x440;&#x433;&#x435;&#x439; &#x410;&#x43D;&#x430;&#x442;&#x43E;&#x43B;&#x44C;&#x435;&#x432;&#x438;&#x447;</subfield>
    <subfield code="4">070</subfield>
  </datafield>
  <datafield tag="701" ind1=" " ind2="1">
    <subfield code="a">&#x42F;&#x440;&#x43A;&#x43E;&#x432;&#x430;</subfield>
    <subfield code="b">&#x412;. &#x413;.</subfield>
    <subfield code="g">&#x412;&#x430;&#x43B;&#x435;&#x43D;&#x442;&#x438;&#x43D;&#x430; &#x413;&#x440;&#x438;&#x433;&#x43E;&#x440;&#x44C;&#x435;&#x432;&#x43D;&#x430;</subfield>
    <subfield code="4">070</subfield>
  </datafield>
  <datafield tag="801" ind1=" " ind2="0">
    <subfield code="a">RU</subfield>
    <subfield code="b">&#x420;&#x413;&#x411;</subfield>
    <subfield code="c">20090318</subfield>
    <subfield code="g">rcr</subfield>
  </datafield>
  <datafield tag="801" ind1=" " ind2="1">
    <subfield code="a">RU</subfield>
    <subfield code="b">&#x420;&#x413;&#x411;</subfield>
    <subfield code="c">20090318</subfield>
  </datafield>
  <datafield tag="801" ind1=" " ind2="2">
    <subfield code="a">RU</subfield>
    <subfield code="b">&#x426;&#x41D;&#x41C;&#x411;</subfield>
    <subfield code="c">20090319</subfield>
  </datafield>
  <datafield tag="801" ind1=" " ind2="2">
    <subfield code="a">RU</subfield>
    <subfield code="b">NLR</subfield>
    <subfield code="c">20090508</subfield>
    <subfield code="g">rcr</subfield>
  </datafield>
  <datafield tag="830" ind1=" " ind2=" ">
    <subfield code="a">&#x430;&#x432;&#x442;. &#x43F;&#x43E; &#x43A;&#x43D;.</subfield>
  </datafield>
  <datafield tag="942" ind1=" " ind2=" ">
    <subfield code="c">BOOK</subfield>
  </datafield>
  <datafield tag="980" ind1=" " ind2=" ">
    <subfield code="a">NB</subfield>
  </datafield>
  <datafield tag="995" ind1=" " ind2=" ">
    <subfield code="5">2009-05-08</subfield>
    <subfield code="a">ad</subfield>
    <subfield code="b">NLR01</subfield>
    <subfield code="c">NLR01</subfield>
    <subfield code="e">RF9</subfield>
    <subfield code="f">2917185</subfield>
    <subfield code="k">2009-5/4215</subfield>
    <subfield code="o">0</subfield>
    <subfield code="r">BOOK</subfield>
    <subfield code="s">200954215_</subfield>
  </datafield>
  <datafield tag="995" ind1=" " ind2=" ">
    <subfield code="5">2009-05-08</subfield>
    <subfield code="a">ad</subfield>
    <subfield code="b">NLR01</subfield>
    <subfield code="c">NLR01</subfield>
    <subfield code="e">RF9</subfield>
    <subfield code="f">2917186</subfield>
    <subfield code="k">2009-5/4215</subfield>
    <subfield code="o">0</subfield>
    <subfield code="r">BOOK</subfield>
    <subfield code="s">200954215_</subfield>
  </datafield>
</record>
